000 02941nam a2200373 i 4500
001 991061426318606706
003 ES-BaIT
005 20250722084032.0
008 250701e202505 sp 000 d spa|c
017 _aDL M 10498-2025
_bOficina DL Madrid
020 _a9788412965025
040 _aES-BaIT
_bcat
_erda
_cES-BaIT
080 _a821.134.2-2
_x"20"
_22004
080 _a860-2"20"
080 _a613.88
_x-055.1
_x-055.3
100 1 _aMartino, Emmanuel de
_eautor
_9166760
245 1 3 _aEl Gé /
_cuna obra de teatro de Emma Demar. De chill : una guía para la prevención de riesgos y daños del chemsex / Iván Zaro
250 _aPrimera edición
264 1 _aMadrid :
_bDos Bigotes,
_cmayo de 2025
300 _a214 pàgines ;
_c21 cm
336 _atext
_btxt
_2rdacontent
337 _asense mediació
_bn
_2rdamedia
338 _avolum
_bnc
_2rdacarrier
500 _aSense llista de personatges
520 _a"En la obra de teatro El Gé, Emma Demar nos abre las puertas de la casa de Paco, junto al que compartiremos una noche en la que el sexo, el deseo y la soledad se entremezclan bajo los efectos de las drogas. Entre las cuatro paredes de un piso de Madrid, convertido en pista de baile, refugio y campo de batalla, nuestro protagonista busca la conexión física y emocional con otros hombres a la vez que se enfrenta —entre presencias, ausencias, palabras y silencios— a sus propios fantasmas, mientras el chemsex se convierte en catalizador de una realidad marcada por los traumas del pasado. El Gé es un texto crudo y emocionante que nos atraviesa como comunidad. Un texto que no juzga, sino que muestra; no explica, sino que expone. Y deja al espectador —y ahora, al lector— sin la opción de mirar hacia otro lado. Sin la posibilidad de apartar la vista del reflejo que ofrece el espejo. En este mismo volumen encontrarás De Chill. Una guía para la reducción de riesgos y daños del chemsex de Iván Zaro, trabajador social, investigador y activista vinculado a temas de salud sexual, VIH y consumo de sustancias. A través de un enfoque riguroso y accesible, profundiza en las motivaciones que hay tras el chemsex, el papel de las apps de contacto, los efectos y peligros de las drogas más usadas, la responsabilidad compartida o la importancia de poner el consentimiento en el centro de las relaciones sexuales. Una obra que, lejos de romantizar el chemsex, nos advierte de sus consecuencias, al tiempo que rompe el silencio en torno a una práctica en la que el estigma convive con la necesidad de información." -- Contracoberta
650 0 _aMalalties de transmissió sexual
_xPrevenció
_2lemac
_9166761
650 0 _aEducació sexual per a gais
_2lemac
_9166762
650 0 _aGais
_xTextos dramàtics
_9160160
650 0 _aTeatre didàctic.
_2lemac
_9166763
700 1 2 _iContenidor de (obra):
_aZaro, Iván.
_t De chill
_9166764
908 _aCDMAE
940 _aCVA7
942 _2udc
_c1
999 _c136429
_d136429